| 000 | 00745cam a2200241 a 4500 | ||
|---|---|---|---|
| 001 | 12887466 | ||
| 005 | 20180215035345.0 | ||
| 008 | 020808s2004 ohua b 001 0 eng | ||
| 010 | _a 2002111176 | ||
| 020 | _a0324185685 | ||
| 035 | _a(DLC) 2002111176 | ||
| 040 |
_aDLC _cDLC _dDLC |
||
| 041 | _aeng | ||
| 080 | _a657 | ||
| 082 | 0 | 0 |
_a657 POR _221 |
| 100 | 1 | _a62 | |
| 101 | _aKON | ||
| 245 | 1 | 0 |
_aFinancial accounting : _cGary A. Porter, Curtis L. Norton. |
| 504 | _aIncludes bibliographical references and index. | ||
| 906 |
_a7 _bcbc _corignew _d2 _eepcn _f20 _gy-gencatlg |
||
| 942 |
_2ddc _cBK |
||
| 999 |
_c42589 _d42589 |
||